000 00239nam a22000977a 4500
999 _c11351
_d11351
008 190313b ||||| |||| 00| 0 eng d
020 _a9780713676938
100 _aYouth Sport Trust
_97091
245 _aAthletics
260 _aLondon
_bA&CB
_c2006